LEADER 02909nam 2200709 a 450 001 9910461911403321 005 20200520144314.0 010 $a1-280-36973-6 010 $a1-4129-3357-9 010 $a0-7619-6142-9 010 $a9786610369737 035 $a(CKB)2670000000259611 035 $a(EBL)254696 035 $a(OCoLC)475969539 035 $a(SSID)ssj0000251474 035 $a(PQKBManifestationID)11219685 035 $a(PQKBTitleCode)TC0000251474 035 $a(PQKBWorkID)10257686 035 $a(PQKB)10267931 035 $a(MiAaPQ)EBC254696 035 $a(OCoLC)1007859646 035 $a(StDuBDS)EDZ0000067506 035 $a(Au-PeEL)EBL254696 035 $a(CaPaEBR)ebr10080955 035 $a(CaONFJC)MIL36973 035 $a(OCoLC)70774197 035 $a(EXLCZ)992670000000259611 100 $a20120327d2003 fy| 0 101 0 $aeng 135 $aur||||||||||| 181 $ctxt 182 $cc 183 $acr 200 10$aSticky knowledge$b[electronic resource] $ebarriers to knowing in the firm /$fGabriel Szulanski 210 $aLondon $cSAGE$d2003 215 $a1 online resource (150 p.) 225 1 $aSAGE strategy series 300 $aDescription based upon print version of record. 311 $a1-4462-1876-7 311 $a0-7619-6143-7 320 $aIncludes bibliographical references (p. [126]-135) and index. 327 $a""Cover""; ""Contents""; ""Preface""; ""Chapter 1 - Introduction""; ""Chapter 2 - Stickiness, Best Practices and Knowledge Transfer""; ""Chapter 3 - Stickiness and Firm Performance""; ""Chapter 4 - Predictors of Stickiness""; ""Chapter 5 - Types of Stickiness""; ""Chapter 6 - Case Studies""; ""Chapter 7 - Statistical Findings""; ""Chapter 8 - Research and Practical Implications""; ""Chapter 9 - Summary and Conclusion""; ""Appendix 1: Research Design""; ""Appendix 2""; ""Appendix 3: Example of Cover Letter""; ""Appendix 4: Partial List of Practices Studied"" 327 $a""Appendix 5: Questionnaire Phase II""""References""; ""Index"" 330 8 $aWhy don't best practices spread within firms? This book explains that the transfer of practices is a complex phenomenon, and demonstrates the range of barriers to transferring best practices within a firm. 410 0$aSage strategy series. 606 $aKnowledge management 606 $aOrganizational learning 606 $aCommunication in organizations 606 $aInterorganizational relations 608 $aElectronic books. 615 0$aKnowledge management. 615 0$aOrganizational learning. 615 0$aCommunication in organizations. 615 0$aInterorganizational relations. 676 $a658.4/038 700 $aSzulanski$b Gabriel$01057274 801 0$bStDuBDS 801 1$bStDuBDS 906 $aBOOK 912 $a9910461911403321 996 $aSticky knowledge$92492430 997 $aUNINA LEADER 02646 am 2200481 n 450 001 9910416506403321 005 20200228 010 $a2-36245-081-3 024 7 $a10.4000/books.ifeagd.3163 035 $a(CKB)4100000011049701 035 $a(FrMaCLE)OB-ifeagd-3163 035 $a(oapen)https://directory.doabooks.org/handle/20.500.12854/57970 035 $a(PPN)244247390 035 $a(EXLCZ)994100000011049701 100 $a20200424j|||||||| ||| 0 101 0 $afre 135 $auu||||||m|||| 181 $ctxt$2rdacontent 182 $cc$2rdamedia 183 $acr$2rdacarrier 200 10$aRegard sur les relations turco-russes $eDe la rivalité dans un monde bipolaire à la coopération dans un espace eurasiatique ? /$fJean Marcou, Mitat Çelikpala 210 $aIstanbul $cInstitut français d?études anatoliennes$d2020 330 $aCe dossier a pour objet les relations turco-russes qui, depuis la période post-bipolaire, ont suivi un cours instable fait de rapprochements spectaculaires mais aussi de crises qui sont allées, au moins une fois, jusqu?à la rupture. Au cours des trois décennies qui ont suivi la guerre froide, en dépit de cette inconstance, c'est bien une convergence croissante qui s?est affirmée. Marquée par un ensemble d?initiatives politiques, économiques et culturelles, ces dernières ont permis d?institutionnaliser les rapports entre les deux pays. Les relations économiques et notamment le commerce des hydrocarbures ont sans doute contribué au renforcement des rapports turco-russes. Cependant, on constate que la démarche qui a longtemps consisté à privilégier la convergence d?intérêts économiques, pour faire oublier les divergences politiques et stratégiques, est désormais révolue. La coopération qui s?est reconstruite entre les deux pays après l?épisode pénible de 2015-2016 le montre bien, car des antagonismes demeurent. 606 $aInternational Relations 606 $a21e siècle 606 $arelations diplomatiques 606 $arelations internationales 610 $arelations internationales 610 $arelations diplomatiques 610 $a21e siècle 615 4$aInternational Relations 615 4$a21e siècle 615 4$arelations diplomatiques 615 4$arelations internationales 700 $aMarcou$b Jean$0548839 701 $aÇelikpala$b Mitat$01366603 701 $aÇelikpala$b Mitat$01366603 701 $aMarcou$b Jean$0548839 801 0$bFR-FrMaCLE 906 $aBOOK 912 $a9910416506403321 996 $aRegard sur les relations turco-russes$93389257 997 $aUNINA